| 000 | 01607nam a22002657a 4500 | ||
|---|---|---|---|
| 008 | 240416t2024 xxk|||||o|||| 00| 0 eng d | ||
| 020 | _a9781783215171 | ||
| 041 | _aeng | ||
| 110 | _aRoyal Institution of Chartered Surveyors | ||
| 245 |
_aThe future of real estate valuations _b: the impact of ESG _h[Electronic resource] |
||
| 260 |
_aLondon, _bRoyal Institution of Chartered Surveyors, _cJanuary 2024 |
||
| 300 | _a41p. | ||
| 490 | _aRICS World Built Environment Forum | ||
| 520 | _aTo fully comprehend the steps still needed to ensure ESG requirements become embedded in valuations, we need to understand the current state of play. RICS members in the Netherlands have taken the lead by composing the expert group responsible for the thought leadership paper The future of real estate valuations: The impact of ESG. The content is based on the views of the expert group, combined with conversations held with RICS valuers across Europe. It does not intend to be a research paper, but rather a starting point for further debate. It is complemented by separate national appendices on the current legislative situation and market drivers in various European countries. | ||
| 650 | _aSUSTAINABILITY | ||
| 650 | _aVALUATION | ||
| 651 | _aInternational | ||
| 690 |
_aBuilt Environment _96307 |
||
| 700 | _aScherrenberg, Joel | ||
| 700 | _aWessels, Paul | ||
| 700 | _aNelisse, Paul | ||
| 710 | _aRoyal Institution of Chartered Surveyors | ||
| 856 |
_uhttps://www.rics.org/content/dam/ricsglobal/documents/latest-news/WBEF-ESG-and-valuation-2024.pdf _zAvailable free on RICS.org |
||
| 942 | _n0 | ||
| 999 |
_c121903 _d121903 |
||